000 00644 a2200193 4500
999 _c4708
_d4708
020 _a9780262327930
050 _aP 121 AKM 2010
100 _aAkmajian, Adrian
_eauthor
245 _aLinguistics :
_ban introduction to language and communication /
_cAdrian Akmajian, Richard A. Demers, Ann K. Farmer and Robert M. Harnish
250 _a6th ed.
264 _aCambridge:
_bMIT Press,
_c2010
300 _axiv, 630p. :
_bill. ;
500 _aInclude index
650 _aLinguistics
700 _aDemers, Richard A.
_eauthor
700 _aFarmer, Ann K.
_eauthor
700 _aHarnish, Robert M.
_eauthor
942 _2lcc
_cBK
_e6th ed.
_h121
_iAKM
_kP